Business forecasts for the housing market to 1997. (Record no. 96255)

MARC details
000 -LEADER
fixed length control field 00914cam a2200241 4500
001 - CONTROL NUMBER
control field J812
008 - FIXED-LENGTH DATA ELEMENTS--GENERAL INFORMATION
fixed length control field 090401t1992 xxu||||| |||| 00| 0 eng d
035 ## - SYSTEM CONTROL NUMBER
System control number (Sirsi) u76833
041 ## - LANGUAGE CODE
Language code of text/sound track or separate title eng
050 ## - LIBRARY OF CONGRESS CALL NUMBER
Classification number 306.1
100 ## - MAIN ENTRY--PERSONAL NAME
Personal name Morrell, James
245 ## - TITLE STATEMENT
Title Business forecasts for the housing market to 1997.
260 ## - PUBLICATION, DISTRIBUTION, ETC.
Place of publication, distribution, etc. London
Name of publisher, distributor, etc. James Morrell Associates
Date of publication, distribution, etc. 1992
300 ## - PHYSICAL DESCRIPTION
Extent 131p. ; 30cm.
350 ## - PRICE (NR) (BK AM CF MU VM SE) [OBSOLETE]
Price 150
520 ## - SUMMARY, ETC.
Summary, etc. Published in association with Charterhouse plc, the report forecasts falls in the inflation and base rates with a corresponding growth in mortgage lending, although house prices will continue to fall in 1992. Includes statistical tables of regional house prices, land values and house building starts and completions.
650 ## - SUBJECT ADDED ENTRY--TOPICAL TERM
Topical term or geographic name entry element HOUSE PRICES
650 ## - SUBJECT ADDED ENTRY--TOPICAL TERM
Topical term or geographic name entry element HOUSING STATISTICS
690 ## - LOCAL SUBJECT ADDED ENTRY--TOPICAL TERM (OCLC, RLIN)
Topical term or geographic name as entry element HOUSING
710 ## - ADDED ENTRY--CORPORATE NAME
Corporate name or jurisdiction name as entry element James Morrell Associates
9 (RLIN) 810
942 ## - ADDED ENTRY ELEMENTS (KOHA)
Suppress in OPAC 0
948 ## - LOCAL PROCESSING INFORMATION (OCLC); SERIES PART DESIGNATOR (RLIN)
c (OCLC) 04/03/1997
Holdings
Withdrawn status Lost status Source of classification or shelving scheme Damaged status Not for loan Home library Current library Shelving location Date acquired Cost, normal purchase price Total Checkouts Full call number Barcode Date last seen Copy number Cost, replacement price Price effective from Koha item type
    Dewey Decimal Classification     London London Basement 24/06/1992 150.00   SHELF 302 30033652 06/08/2019 1 150.00 06/08/2019 Book